Journal of Inklings Studies

Podrobná bibliografie
Médium: Elektronický zdroj Časopis
Jazyk:English
Vydáno: Edinburgh University Press
Témata:
On-line přístup:Full text available on JSTOR[2011-03-01 - 2017-10-01]
Off-campus access
LEADER 01001cas a2200217 a 4500
001 AALejournalJSTOR001059
008 230228c9999 xx r poo 0 0eng d
022 |a 2045-8797 
022 |a 2045-8800 
040 |a BD-DhAAL  |c BD-DhAAL 
245 0 0 |h [electronic resource]  |a Journal of Inklings Studies 
260 |b Edinburgh University Press 
300 |a 1 online resource 
362 0 |a Vol. 1,  |a no. 1 
500 |a <strong>Off-Campus Access:</strong> Athens ID and Password Required 
500 |a <strong>On-Campus Access:</strong> No User ID or Password Required 
506 |a Electronic access restricted to authorized BRAC University faculty, staff and students 
538 |a Mode of access: Internet 
650 4 |a Humanities ; Language & Literature 
856 4 0 |z Full text available on JSTOR[2011-03-01 - 2017-10-01]  |u https://www.jstor.org/journal/jinklingsstudies 
856 4 0 |z Off-campus access  |u https://go.openathens.net/redirector/bracu.ac.bd?url=https%3A%2F%2Fwww.jstor.org%2Fjournal%2Fjinklingsstudies